100 Rock Bands By Album - Statistics

General Stats
  • This quiz has been taken 9,982 times
  • The average score is 36 of 100
Answer Stats
Album Answer % Correct
Abbey Road The Beatles
97%
Highway to Hell AC/DC
94%
Master of Puppets Metallica
89%
Hotel California The Eagles
89%
Nevermind Nirvana
88%
The Dark Side of the Moon Pink Floyd
88%
American Idiot Green Day
86%
Paranoid Black Sabbath
85%
Appetite for Destruction Guns N' Roses
73%
A Night at the Opera Queen
73%
London Calling The Clash
71%
Exile on Main St. The Rolling Stones
69%
Houses of the Holy Led Zeppelin
68%
Ace of Spades Motorhead
68%
The Joshua Tree U2
68%
The Number of the Beast Iron Maiden
67%
Ok Computer Radiohead
67%
Rumours Fleetwood Mac
65%
Blood Sugar Sex Magik Red Hot Chili Peppers
63%
Synchronicity The Police
62%
Slippery When Wet Bon Jovi
57%
(What's the Story) Morning Glory Oasis
56%
Toys in the Attic Aerosmith
55%
Ten Pearl Jam
55%
Brothers in Arms Dire Straits
53%
Dr. Feelgood Motley Crue
53%
Electric Ladyland The Jimi Hendrix Experience
53%
Layla and Other Assorted Love Songs Derek and the Dominoes
52%
Machine Head Deep Purple
48%
Pyromania Def Leppard
47%
Holy Diver Dio
47%
Hybrid Theory Linkin Park
44%
In the Court of the Crimson King King Crimson
43%
Rust in Peace Megadeth
43%
Strange Days The Doors
43%
British Steel Judas Priest
41%
Moving Pictures Rush
41%
Superunknown Soundgarden
41%
Dirt Alice in Chains
39%
Disraeli Gears Cream
38%
Mellon Collie and the Infinite Sadness Smashing Pumpkins
38%
Destroyer Kiss
35%
Black Holes and Revelations Muse
34%
Rocket to Russia Ramones
33%
Fair Warning Van Halen
33%
Eliminator ZZ Top
33%
The Color and the Shape Foo Fighters
32%
The Lamb Lies Down on Broadway Genesis
31%
Jailbreak Thin Lizzy
31%
Fly Like an Eagle Steve Miller Band
29%
Billian Dollar Babies Alice Cooper
28%
Cosmo's Factory Creedence Clearwater Revival
28%
American Woman The Guess Who
28%
Document R.E.M
27%
Love at First Sting Scorpions
27%
In-A-Gadda-Da-Vida Iron Butterfly
26%
Thick as a Brick Jethro Tull
26%
Escape Journey
26%
Close to the Edge Yes
26%
Street Survivors Lynyrd Skynyrd
24%
Double Vision Foreigner
23%
Dreamboat Annie Heart
23%
Abraxas Santana
22%
Aja Steely Dan
22%
Among the Living Anthrax
21%
Hair of the Dog Nazareth
21%
Damn the Torpedoes Tom Petty and the Heartbreakers
21%
Slide It In Whitesnake
21%
Point of Know Return Kansas
20%
Dream Police Cheap Trick
19%
Core Stone Temple Pilots
19%
Music From the Big Pink The Band
19%
Surrealistic Pillow Jefferson Airplane
18%
The Grand Illusion Styx
18%
Undertow Tool
18%
Metropolis Pt. 2: Scenes From a Memory Dream Theater
17%
Crime of the Century Supertramp
17%
Fear of Music Talking Heads
17%
Eat a Peach The Allman Brothers Band
17%
A New World Record Electric Light Orchestra
15%
American Beauty Grateful Dead
15%
Operation: Mindcrime Queensryche
15%
Rising Rainbow
15%
Brain Salad Surgery Emerson, Lake, and Palmer
13%
Secret Treaties Blue Oyster Cult
12%
Keeper of the Seven Keys Part 2 Helloween
12%
Flirtin' With Disaster Molly Hatchet
12%
Shake Your Money Maker The Black Crowes
12%
Days of Future Passed The Moody Blues
11%
Straight Shooter Bad Company
10%
Minute By Minute The Doobie Brothers
10%
Fire and Water Free
8%
Battle Hymns Manowar
8%
Fear of a Blank Planet Porcupine Tree
7%
Look at Yourself Uriah Heep
7%
Wild-Eyed Southern Boys 38 Special
6%
Nightfall in Middle-Earth Blind Guardian
6%
Allied Forces Triumph
6%
Fully Completely The Tragically Hip
5%
Symphony of Enchanted Lands Rhapsody
3%
No matching quizzes found
Score Distribution
Percent of People with Each Score
Percentile by Number Answered
Your Score History
You have not taken this quiz